00352nam a2200121Ia 4500008004100000041000800041082000800049100001800057245009800075260003200173300000900205520001600214221007s9999 xx 000 0 und d aeng bPHA aBorwankar M C 2aA Study of Community Policing and its Administration in Selected Urban Centres in Maharashtra c2008bPune UniversityaPune a263p aDr. Joshi P